000 00421nam a2200193Ia 4500
008 240510s9999 xx 000 0 und d
020 _a9789553045560
041 _asih
082 _a891.483
082 _bI41
100 _aILAYAPPARACHCHI,Eric
245 0 _aPaada Yathra
260 _bColombo,S.Godage and Brothers
260 _c2014
300 _a184 p.
650 _aNovel
942 _2ddc
942 _cLBK
999 _c29134
_d29134
945 _a1
_bMadushi Gamage
_c1
_dMadushi Gamage